Deep waters / (Record no. 60171)

MARC details
000 -LEADER
fixed length control field 00672nam a22001817a 4500
005 - DATE AND TIME OF LATEST TRANSACTION
control field 2012010303463.0
020 ## - INTERNATIONAL STANDARD BOOK NUMBER
International Standard Book Number 9788128624056
037 ## - SOURCE OF ACQUISITION
Source of stock number/acquisition PUB
100 ## - MAIN ENTRY--PERSONAL NAME
Personal name Larry, H.I.
245 ## - TITLE STATEMENT
Title Deep waters /
Statement of responsibility, etc by H.I. Larry; illustrated by Aso Oswald
260 ## - PUBLICATION, DISTRIBUTION, ETC. (IMPRINT)
Place of publication, distribution, etc Mumbai
Name of publisher, distributor, etc Euro Books
Date of publication, distribution, etc 2006
270 ## - ADDRESS
Address Dani Corporate, First Floor, 158, Vidyanagari Marg, Kalina, Santacruz
City Mumbai
Postal code 400098
300 ## - PHYSICAL DESCRIPTION
Extent 91p.
Other physical details ill.
Dimensions 20cm(pbk)
490 ## - SERIES STATEMENT
Series statement Zac power: 24 hours to save the world...and finish his homework
-- 38101
700 ## - ADDED ENTRY--PERSONAL NAME
Personal name Oswald, Aso
9 (RLIN) 38102
942 ## - ADDED ENTRY ELEMENTS (KOHA)
Source of classification or shelving scheme Dewey Decimal Classification
Item type Children Books
Call number suffix LAR
Holdings
Withdrawn status Lost status Not for loan Home library Current library Date acquired Full call number Koha item type Public note
    Ordered Andrews Gunj Andrews Gunj 03/01/2012 LAR Children Books Book-4

© Delhi Public Library
Hit Counter
free hit counter